书目信息 |
| 题名: |
3ds max 6建筑装潢设计精彩实例
|
|
| 作者: | 朱涛 , 全龙 , 孟昭宏 编著 | |
| 分册: | ||
| 出版信息: | 北京 清华大学出版社 2004.02 |
|
| 页数: | 375页, [2] 页图版 | |
| 开本: | 26cm | |
| 丛书名: | ||
| 单 册: | ||
| 中图分类: | TU238-39 | |
| 科图分类: | ||
| 主题词: | 建筑装饰--jian zhu zhuang shi--建筑设计--计算机辅助设计--应用软件 | |
| 电子资源: | ||
| ISBN: | 7-302-07438-0 | |
| 000 | 01027nam0 2200253 45 | |
| 001 | 012007026874 | |
| 005 | 20070927102228.73 | |
| 010 | @a7-302-07438-0@dCNY35.00 | |
| 100 | @a20070721d2004 km y0chiy0120 ea | |
| 101 | 0 | @achi |
| 102 | @aCN@b110000 | |
| 105 | @aaf z 000yy | |
| 200 | 1 | @a3ds max 6建筑装潢设计精彩实例@A3ds max 6 jian zhu zhuang huang she ji jing cai shi li@f孟昭宏, 朱涛, 全龙等编著@Fmeng zhao hong,zhu tao,quan long deng bian zhu |
| 210 | @a北京@c清华大学出版社@d2004.02 | |
| 215 | @a375页, [2] 页图版@c图 (部分彩图)@d26cm | |
| 330 | @a本书全面介绍了Autodesk公司最新推出的 3ds max6与Adobe公司的Photoshop7.0在建筑与装饰表现图设计中的相关功能,并由浅入深地讲解了这两个软件在该领域中应用的各种方法和实用技巧。 | |
| 606 | 0 | @a建筑装饰@Ajian zhu zhuang shi@x建筑设计@x计算机辅助设计@x应用软件 |
| 610 | 0 | @a3ds max |
| 690 | @aTU238-39@v4 | |
| 701 | 0 | @a朱涛@Azhu tao@4编著 |
| 701 | 0 | @a全龙@Aquan long@4编著 |
| 701 | 0 | @a孟昭宏@Ameng zhao hong@4编著 |
| 801 | 0 | @aCN@c20070927 |
| 905 | @dTU238-39@eM627 | |
| 3ds max 6建筑装潢设计精彩实例/孟昭宏, 朱涛, 全龙等编著.-北京:清华大学出版社,2004.02 |
| 375页, [2] 页图版:图 (部分彩图);26cm |
| ISBN 7-302-07438-0:CNY35.00 |
| 本书全面介绍了Autodesk公司最新推出的 3ds max6与Adobe公司的Photoshop7.0在建筑与装饰表现图设计中的相关功能,并由浅入深地讲解了这两个软件在该领域中应用的各种方法和实用技巧。 |
| ● |
| 相关链接 |
|
|
|
正题名:3ds max 6建筑装潢设计精彩实例
索取号:TU238-39/M627
 
预约/预借
| 序号 | 登录号 | 条形码 | 馆藏地/架位号 | 状态 | 备注 |
| 1 | 245647 | 202456476 | 建筑库101/101建筑库 52排6列3层/ [索取号:TU238-39/M627] | 在馆 | |
| 2 | 245648 | 202456485 | 建筑库101/101建筑库 52排6列3层/ [索取号:TU238-39/M627] | 在馆 | |
| 3 | 245649 | 202456494 | 建筑库101/101建筑库 52排6列3层/ [索取号:TU238-39/M627] | 在馆 |